Premier League Teams 2009-10 - Statistics

General Stats
  • This quiz has been taken 141 times
  • The average score is 17 of 20
Answer Stats
Position Team % Correct
C Chelsea
100%
2 Manchester United
100%
3 Arsenal
99%
5 Manchester City
98%
4 Tottenham Hotspur
97%
7 Liverpool
96%
17 West Ham United
92%
8 Everton
91%
6 Aston Villa
87%
13 Sunderland
85%
15 Wolverhampton Wanderers
83%
12 Fulham
82%
14 Bolton Wanderers
78%
10 Blackburn Rovers
77%
R Burnley
76%
R Portsmouth
76%
11 Stoke City
73%
R Hull City
72%
9 Birmingham City
71%
16 Wigan Athletic
67%
No matching quizzes found
Score Distribution
Percent of People with Each Score
Percentile by Number Answered
Your Score History
You have not taken this quiz